Horizontal accountability in new democracies /

সংরক্ষণ করুন:
গ্রন্থ-পঞ্জীর বিবরন
প্রধান লেখক: O'Donnell, Guillermo
বিন্যাস: পাঠ‍্য
ট্যাগগুলো: ট্যাগ যুক্ত করুন
কোনো ট্যাগ নেই, প্রথমজন হিসাবে ট্যাগ করুন!

MARC

LEADER 00000 a a2200000 04500
001 43929
003
040
100 |a O'Donnell, Guillermo  
245 |a Horizontal accountability in new democracies /  |c Guillermo O'Donnell  
773 |g páginas 29-51  
999 |c 37103  |d 37103